L'albero visto dalle radici (Record n. 104393)

Dettagli MARC
000 -LEADER
fixed length control field 00640nam a22001817a 4500
003 - CONTROL NUMBER IDENTIFIER
control field IT-RoPau
005 - DATE AND TIME OF LATEST TRANSACTION
control field 20220918181220.0
008 - FIXED-LENGTH DATA ELEMENTS--GENERAL INFORMATION
fixed length control field 140523b xxu||||| |||| 00| 0 eng d
040 ## - CATALOGING SOURCE
Transcribing agency IT-RoPau
100 ## - MAIN ENTRY--PERSONAL NAME
Personal name Cesarato, Regina
9 (RLIN) 26317
245 ## - TITLE STATEMENT
Title L'albero visto dalle radici
Remainder of title Le Pie Discepole del Divin Maestro tra carisma e storia. Appunti.
260 ## - PUBLICATION, DISTRIBUTION, ETC. (IMPRINT)
Place of publication, distribution, etc. Roma
Name of publisher, distributor, etc. Casa Generalizia PDDM
Date of publication, distribution, etc. 1997
300 ## - PHYSICAL DESCRIPTION
Extent 88 pp.
Dimensions 21 cm
490 ## - SERIES STATEMENT
Series statement PDDM Appunti
Volume/sequential designation Fascicolo 1
500 ## - GENERAL NOTE
General note Pro manuscripto
520 ## - SUMMARY, ETC.
Summary, etc. Indice<br/><br/>Presentazione<br/>Annotazione metodologica<br/>Introduzione<br/><br/>I. Un carisma nella storia<br/>II. Luce nella notte
942 ## - ADDED ENTRY ELEMENTS (KOHA)
Source of classification or shelving scheme Dewey Decimal Classification
Koha item type LIBRO
Dati di copia
Withdrawn status Lost status Source of classification or shelving scheme Damaged status Not for loan Home library Current library Date acquired Total Checkouts Full call number Date last seen Price effective from Koha item type
    Dewey Decimal Classification Buone Condizioni Not For Loan PAULUS-BIBLIOTECA PAULUS-BIBLIOTECA 23/05/2014   P D6 23/05/2014 23/05/2014 LIBRO
    Dewey Decimal Classification Buone Condizioni Not For Loan PAULUS-BIBLIOTECA PAULUS-BIBLIOTECA 23/05/2014   P D6 23/05/2014 23/05/2014 LIBRO
CREDITS: SOCIETA' SAN PAOLO Via A.Severo, 58 - ROMA (RM) & PERIODICI SAN PAOLO SRL Via Giotto, 36 MILANO & CISF Via Giotto, 36 MILANO & EDIZIONI SAN PAOLO SRL,  Piazza Soncino, 5 CINISELLO BALSAMO (MI) -- ITALY